000 00254 a2200097 4500
001 16673
100 _aLadenburg R.
245 _aPhysical measurements in gas dynamics & combustion
260 _aLondon
_bOxford university press
_c
090 _c12573
_d12573
942 _aNUST-CAE
_cM
_c2862
999 _c251746
_d251746